000
00215nam a22001097a 4500
020
_a
9789352755684
082
_a
K390
100
_a
BLAND, NICK
245
_a
THE FABULOUS FRIEND MACHINE
300
_a
16P
942
_c
BK
999
_c
8675
_d
8675